000 00922nam a2200253Ia 4500
003 OSt
005 20200805141858.0
008 191128s2014 ck fr 001 0 spa d
020 _a9789587671452
040 _aCO-JMCR
_cCO-JMCR
041 0 _aspa
082 0 4 _a343.056 /
_bC718e
_223
110 1 _aColombia
_98040
240 1 0 _aEstatuto aduanero
245 1 0 _aEstatuto aduanero colombiano 2014 /
250 _aSexta edición
260 _aBogotá :
_bLegis,
_c2014
300 _alv, 951 páginas ;
_c24 cm.
500 _aIncluye índice alfabético informativo e índice cronológico normativo.
505 0 _aDeclarantes -- Zonas primarias aduaneras -- Inscripción, autorización o habilitación de auxiliares de la función aduanera, usuarios aduaneros permanentes y usuarios altamente exportadores
650 1 4 _aAduanas
_xlegislación
_zColombia
_98452
650 1 4 _a Derecho aduanero
_96678
942 _2ddc
_cBK
999 _c4729
_d4729